|
|
|
|
| LEADER |
01060nam a22002894a 4500 |
| 001 |
4849 |
| 003 |
BD-DhAAL |
| 005 |
20150615145634.0 |
| 008 |
150615s2000 dcua b i000 0 eng |
| 010 |
|
|
|a 00043965
|
| 020 |
|
|
|a 0821348531
|
| 040 |
|
|
|a DLC
|c DLC
|d BD-DhAAL
|
| 050 |
0 |
0 |
|a HD75
|b .S684 2000
|
| 082 |
0 |
0 |
|a 338.9/27
|2 21
|
| 100 |
1 |
|
|a Soubbotina, Tatyana P.,
|d 1957-
|9 12125
|
| 245 |
1 |
0 |
|a Beyond economic growth :
|b meeting the challenges of global development /
|c Tatyana P. Soubbotina with Katherine A. Sheram.
|
| 260 |
|
|
|a Washington, D.C. :
|b World Bank,
|c c2000.
|
| 300 |
|
|
|a v, 161 p.
|b ill.
|c 29 cm.
|
| 490 |
|
|
|a WBI learning resources series
|
| 504 |
|
|
|a Includes bibliographical references.
|
| 541 |
|
|
|e 4849
|
| 650 |
|
0 |
|a Economic development.
|9 12126
|
| 650 |
|
0 |
|a International economic relations.
|9 7636
|
| 700 |
1 |
|
|a Sheram, Katherine,
|d 1947-
|9 12127
|
| 942 |
|
|
|2 ddc
|c BK
|
| 999 |
|
|
|c 34740
|d 34740
|
| 952 |
|
|
|0 0
|1 0
|2 ddc
|4 0
|6 338_927000000000000_SOU
|7 0
|9 54342
|a SCL
|b SCL
|c GEN
|d 2015-06-15
|l 0
|o 338.927 SOU
|p 3020004849
|r 2015-06-15
|t 1
|w 2015-06-15
|y BK
|